| Tag |
First Indicator |
Second Indicator |
Subfields |
| LEADER |
00000cam a2200000 a 4500 |
| 001 |
in00000852113 |
| 005 |
20151019074859.0 |
| 008 |
860411s1986 dcuab b f00010 eng d |
| 010 |
|
|
|a gp 86013089
|
| 035 |
|
|
|a (OCoLC)13420842
|
| 035 |
|
|
|9 AEE5456AM
|
| 040 |
|
|
|a STU
|c STU
|d GPO
|d UtOrBLW
|
| 043 |
|
|
|a n-us-md
|
| 074 |
|
|
|a 648
|
| 086 |
0 |
|
|a I 29.2:An 8/4
|
| 090 |
|
|
|a E474.65
|b .S63
|
| 100 |
1 |
|
|a Snell, Charles W.
|
| 245 |
1 |
0 |
|a Antietam National Battlefield and National Cemetery, Sharpsburg, Maryland :
|b an administrative history /
|c by Charles W. Snell, and Sharon A. Brown.
|
| 264 |
|
1 |
|a Washington, D.C. :
|b U.S. Dept. of the Interior, National Park Service,
|c 1986.
|
| 300 |
|
|
|a xviii, 571 pages :
|b illustrations, maps ;
|c 28 cm.
|
| 336 |
|
|
|a text
|b txt
|2 rdacontent
|
| 337 |
|
|
|a unmediated
|b n
|2 rdamedia
|
| 338 |
|
|
|a volume
|b nc
|2 rdacarrier
|
| 500 |
|
|
|a Spine title: Antietam administrative history.
|
| 500 |
|
|
|a Shipping list number: 86-276-P.
|
| 504 |
|
|
|a Bibliography: pages 569-571.
|
| 651 |
|
0 |
|a Antietam National Battlefield (Md.)
|x History.
|
| 610 |
2 |
0 |
|a Antietam National Cemetery
|x History.
|
| 700 |
1 |
|
|a Brown, Sharon A.
|
| 710 |
1 |
|
|a United States.
|b National Park Service.
|
| 740 |
0 |
|
|a Antietam administrative history.
|
| 999 |
|
|
|a MARS
|
| 999 |
f |
f |
|s f40c40be-4eef-351b-bf28-709a467bd1ed
|i 0064bab7-320b-33e3-b7d2-223e36e4b71a
|t 0
|
| 952 |
f |
f |
|p normal
|a Texas A&M University
|b College Station
|c Sterling C. Evans Library
|d Evans: US Documents (Annex 5th floor)
|t 0
|e I 29.2:An 8/4
|h Superintendent of Documents classification
|i unmediated -- volume
|m A14818316797
|
| 998 |
f |
f |
|a I 29.2:An 8/4
|t 0
|l Evans: US Documents (Annex 5th floor)
|